Historia English Carpentry [ Traditional green timber buildings

Bibliographic Details
Format: Book
Published: Bristol : University of the west of England , 1995
Subjects:

MARC

LEADER 00000cam a2200000 7i4500
001 0000024047
005 20111222.0
040 |a INS 
090 0 0 |a VCD 217 
245 0 9 |a Historia English Carpentry [  |h video disc] :   |b Traditional green timber buildings 
260 |a Bristol :   |b University of the west of England ,   |c 1995 
300 |a 1 videodisc (29 min.) :   |b sd., col. ;   |c 4 3/4 in. 
500 |a Also available in vhs format : VHS 1005 
650 0 0 |a Buildings   |z England 
999 |a VCD0000217   |b VIDEO CD   |c Media Collection   |e Default branch